[Event "Gran Canaria-ch U18"]
[Site "Las Palmas"]
[Date "2013.07.07"]
[Round "6.1"]
[White "Cruz Ramirez, Nauzet"]
[Black "Aguila Hernandez, Eduardo"]
[Result "1-0"]
[WhiteElo "1801"]
[BlackElo "1893"]
[PlyCount "137"]
[EventDate "2013.07.05"]
[EventType "swiss"]
[EventRounds "6"]
[EventCountry "ESP"]
[SourceTitle "EXT 2024"]
[Source "ChessBase"]
[SourceDate "2023.10.10"]
[SourceVersion "1"]
[SourceVersionDate "2023.10.10"]
[SourceQuality "1"]

1. c4 e6 2. d4 d5 3. Nc3 Be7 4. cxd5 exd5 5. Bf4 Nf6 6. e3 0-0 7. Bd3 b6 8. Nge2 Bb7 9. 0-0 a6 10. Rc1 Nbd7 11. Bb1 c5 12. Bg3 c4 13. Qc2 b5 14. Nf4 Nb6 15. a3 Qd7 16. f3 g6 17. Bf2 a5 18. e4 dxe4 19. Nxe4 Nbd5 20. Nxf6+ Bxf6 21. Nxd5 Bxd5 22. Rcd1 Qa7 23. Qd2 Rfd8 24. Qf4 Qb6 25. Rfe1 Rd7 26. Re2 b4 27. axb4 axb4 28. Be4 Re8 29. Qd2 Rc8 30. Rc1 Qa5 31. Be1 Kg7 32. Qxb4 Qxb4 33. Bxb4 Bxd4+ 34. Kf1 c3 35. Bxc3 Bxc3 36. Bxd5 Rxd5 37. bxc3 Rdc5 38. Rec2 Rc4 39. Ke2 R8c7 40. Kd3 Kf6 41. Re1 Rc8 42. Re4 Rxe4 43. Kxe4 Ke6 44. c4 Rc5 45. Kd4 Kd6 46. Ra2 h5 47. Ra6+ Rc6 48. c5+ Kd7 49. Ra7+ Ke8 50. Kd5 Rc8 51. Kd6 Rd8+ 52. Kc6 Rd2 53. Kb7 Rb2+ 54. Kc8 Rxg2 55. c6 Rxh2 56. c7 h4 57. Rb7 g5 58. Kb8 Rc2 59. c8Q+ Rxc8+ 60. Kxc8 Kf8 61. Kd7 Kg7 62. Kd6 Kg6 63. Ke5 f6+ 64. Ke4 h3 65. Rb2 f5+ 66. Ke3 g4 67. fxg4 fxg4 68. Kf4 Kh5 69. Kg3 1-0

[Event "Las Palmas Montalvo Memorial 6th"]
[Site "Las Palmas"]
[Date "2013.03.28"]
[Round "5"]
[White "Aguila Hernandez, Eduardo"]
[Black "Rodriguez Manzaneda, Irene"]
[Result "0-1"]
[WhiteElo "1871"]
[BlackElo "1720"]
[PlyCount "58"]
[EventDate "2013.03.25"]
[EventType "swiss"]
[EventRounds "9"]
[EventCountry "ESP"]
[SourceTitle "CBM 153 Extra"]
[Source "ChessBase"]
[SourceDate "2013.04.22"]
[SourceVersion "1"]
[SourceVersionDate "2013.04.22"]
[SourceQuality "1"]

1. e4 c5 2. Nf3 Nc6 3. d4 cxd4 4. Nxd4 Nf6 5. Nc3 e5 6. Ndb5 d6 7. Bg5 a6 8. Na3 b5 9. Nd5 Be7 10. Bxf6 Bxf6 11. c3 0-0 12. Be2 Bg5 13. 0-0 g6 14. Nc2 f5 15. Bf3 Bb7 16. Qe2 Ne7 17. Nxe7+ Qxe7 18. Rfd1 d5 19. exf5 e4 20. f6 Rxf6 21. Nd4 Raf8 22. Rf1 h5 23. Qe1 Bc8 24. a4 Rxf3 25. gxf3 Bf4 26. Ne2 Bxh2+ 27. Kxh2 Qh4+ 28. Kg2 exf3+ 29. Kg1 Qg4+ 0-1

[Event "Las Palmas Insular-chT Pref"]
[Site "Las Palmas"]
[Date "2013.03.09"]
[Round "12.4"]
[White "Aguila Hernandez, Eduardo"]
[Black "Alba Santana, Cayetano"]
[Result "1-0"]
[WhiteElo "1871"]
[BlackElo "1758"]
[PlyCount "157"]
[EventDate "2012.11.10"]
[EventType "team-tourn"]
[EventRounds "14"]
[EventCountry "ESP"]
[SourceTitle "EXT 2014"]
[Source "ChessBase"]
[SourceDate "2013.11.20"]
[SourceVersion "1"]
[SourceVersionDate "2013.11.20"]
[SourceQuality "1"]
[WhiteTeam "Canarias de Vecindario"]
[BlackTeam "Grandama"]
[WhiteTeamCountry "ESP"]
[BlackTeamCountry "ESP"]

1. e4 c5 2. Nf3 d6 3. d4 cxd4 4. Nxd4 Nf6 5. Nc3 a6 6. Be2 e6 7. a4 Be7 8. 0-0 Qc7 9. Be3 0-0 10. f4 Nc6 11. Qe1 Bd7 12. Bf3 Nxd4 13. Bxd4 e5 14. fxe5 dxe5 15. Bf2 Bc5 16. Kh1 Be6 17. Bh4 Nd7 18. Qe2 Bd4 19. Bg4 Bxg4 20. Qxg4 Bxc3 21. bxc3 f6 22. Rad1 Rad8 23. Rd3 Nc5 24. Rh3 Qd7 25. Qe2 Qe6 26. Bf2 Nxa4 27. Qh5 h6 28. Rg3 f5 29. exf5 Rxf5 30. Qg4 Qf7 31. h3 Rf4 32. Qe2 e4 33. Kh2 g5 34. Kg1 Rf8 35. h4 Rxh4 36. Rd1 Rf4 37. Be3 Rf5 38. Bd4 Re8 39. Re3 Rf4 40. c4 Qc7 41. Rf1 Rxf1+ 42. Qxf1 Rf8 43. Qe2 Nc5 44. Qh5 Ne6 45. Qg6+ Ng7 46. Rxe4 Qf7 47. Qxh6 Qf1+ 48. Kh2 Qf7 49. g4 Qc7+ 50. Be5 Qe7 51. Re3 Qf7 52. Qxg5 Qf2+ 53. Kh3 Qf1+ 54. Kh4 Qf2+ 55. Bg3 Qf1 56. Qd5+ Kh7 57. Qd3+ Qxd3 58. cxd3 b5 59. Re7 Kg6 60. Be5 Ne8 61. Re6+ Kf7 62. Rxa6 bxc4 63. dxc4 Ke7 64. c5 Rf1 65. Kh5 Rc1 66. Bd6+ Kd7 67. Kg6 Re1 68. g5 Rf1 69. Rb6 Rf3 70. Rb7+ Kc6 71. Rf7 Rd3 72. Rf8 Nxd6 73. cxd6 Rd1 74. Rf6 Rg1 75. Kh7 Rh1+ 76. Kg7 Rc1 77. g6 Kd7 78. Kh7 Rh1+ 79. Kg8 1-0

[Event "Las Palmas Montalvo Memorial 5th"]
[Site "Las Palmas"]
[Date "2012.04.06"]
[Round "6"]
[White "Quiza Vazquez, Carolina"]
[Black "Aguila Hernandez, Eduardo"]
[Result "0-1"]
[WhiteElo "1612"]
[BlackElo "1864"]
[PlyCount "92"]
[EventDate "2012.04.02"]
[EventType "swiss"]
[EventRounds "9"]
[EventCountry "ESP"]
[SourceTitle "CBM 147 Extra"]
[Source "ChessBase"]
[SourceDate "2012.04.24"]
[SourceVersion "1"]
[SourceVersionDate "2012.04.24"]
[SourceQuality "1"]

1. d4 Nf6 2. Nf3 e6 3. c3 c5 4. e3 Nc6 5. Bd3 d5 6. Nbd2 Bd6 7. 0-0 0-0 8. h3 Re8 9. dxc5 Bxc5 10. e4 e5 11. Re1 a5 12. Qc2 h6 13. b3 d4 14. Bb2 dxc3 15. Bxc3 Nb4 16. Bxb4 Bxb4 17. a3 Bd6 18. Nc4 Bc7 19. Rac1 Bd7 20. Red1 Rc8 21. Qb1 Qe7 22. a4 Qb4 23. Ne3 Be6 24. Bc4 Bb8 25. Bxe6 fxe6 26. Nc4 Rc5 27. Rd2 b5 28. axb5 Rxb5 29. Rb2 Rc8 30. Nfd2 Ba7 31. Qa2 Bd4 32. Rbb1 Qc5 33. Ne3 Qxc1+ 34. Rxc1 Rxc1+ 35. Kh2 Bxe3 36. fxe3 Rbc5 37. b4 R5c2 38. Qxe6+ Kh7 39. Nb3 Rf1 40. bxa5 Rff2 41. Qxe5 Rxg2+ 42. Kh1 Rge2 43. Qf5+ Kh8 44. Qf1 Rf2 45. Qg1 Nxe4 46. Nd4 Ra2 0-1

[Event "Las Palmas Insular-chT Primera-B"]
[Site "Las Palmas"]
[Date "2012.02.25"]
[Round "10.1"]
[White "Navarro Cabrera, Agustin"]
[Black "Aguila Hernandez, Eduardo"]
[Result "0-1"]
[WhiteElo "1818"]
[BlackElo "1840"]
[PlyCount "124"]
[EventDate "2011.11.12"]
[EventType "team-tourn"]
[EventRounds "14"]
[EventCountry "ESP"]
[SourceTitle "EXT 2013"]
[Source "ChessBase"]
[SourceDate "2012.11.22"]
[SourceVersion "1"]
[SourceVersionDate "2012.11.22"]
[SourceQuality "1"]
[WhiteTeam "Canarias de Las Palmas"]
[BlackTeam "Canarias de Vecindario II"]
[WhiteTeamCountry "ESP"]
[BlackTeamCountry "ESP"]

1. e4 e5 2. Nf3 Nc6 3. Bc4 Nf6 4. d3 Bc5 5. c3 d6 6. 0-0 0-0 7. Nbd2 Re8 8. Re1 Bg4 9. Nf1 d5 10. exd5 Nxd5 11. h3 Bxf3 12. Qxf3 Nf6 13. b4 Bb6 14. Ng3 h6 15. Nf5 Nh7 16. Qg4 Qf6 17. Bxh6 g6 18. Ne3 Ne7 19. Qe4 Bxe3 20. Bxe3 c6 21. d4 Nf5 22. dxe5 Rxe5 23. Qf3 Rae8 24. Bd2 Ng5 25. Qf4 Ne4 26. Re2 g5 27. Qf3 Nxd2 28. Rxd2 Re1+ 29. Rxe1 Rxe1+ 30. Bf1 Qg6 31. Rd1 Nh4 32. Qd3 Rxd1 33. Qxd1 Qf6 34. Qd2 Qe5 35. Qe3 Qxe3 36. fxe3 Kg7 37. Bd3 Kf6 38. Kf2 Ke5 39. g3 Ng6 40. Bxg6 fxg6 41. c4 Ke4 42. Ke2 a6 43. c5 a5 44. a3 a4 45. h4 g4 46. Kd2 Kf3 47. e4 Kxg3 48. e5 Kh2 49. e6 g3 50. e7 g2 51. e8Q g1Q 52. Qb8+ Qg3 53. Qxb7 Qxa3 54. Qc7+ Kg1 55. Qxc6 Qxb4+ 56. Ke3 Qb3+ 57. Ke2 Qc2+ 58. Ke3 a3 59. Qd6 a2 60. Qg3+ Qg2 61. Qe1+ Kh2 62. Kd3 Qg3+ 0-1

[Event "Las Palmas Insular-chT Primera-B"]
[Site "Las Palmas"]
[Date "2012.01.21"]
[Round "6.1"]
[White "Aguila Hernandez, Eduardo"]
[Black "Rodriguez Melian, Jose Luis"]
[Result "1/2-1/2"]
[WhiteElo "1840"]
[BlackElo "2119"]
[PlyCount "67"]
[EventDate "2011.11.12"]
[EventType "team-tourn"]
[EventRounds "14"]
[EventCountry "ESP"]
[SourceTitle "EXT 2013"]
[Source "ChessBase"]
[SourceDate "2012.11.22"]
[SourceVersion "1"]
[SourceVersionDate "2012.11.22"]
[SourceQuality "1"]
[WhiteTeam "Canarias de Vecindario II"]
[BlackTeam "Club de Ajedrez Guea"]
[WhiteTeamCountry "ESP"]
[BlackTeamCountry "ESP"]

1. e4 e5 2. Nf3 Nf6 3. Nxe5 d6 4. Nf3 Nxe4 5. d4 d5 6. Bd3 Nc6 7. 0-0 Bg4 8. Re1 Be7 9. c3 f5 10. Nbd2 0-0 11. Qa4 Kh8 12. Bb5 Bd6 13. Nxe4 fxe4 14. Bg5 Qe8 15. Bxc6 bxc6 16. Ne5 Bxe5 17. dxe5 Qxe5 18. Bh4 Bd7 19. Qd4 Qxd4 20. cxd4 Rab8 21. b3 Rf7 22. Bg3 Bg4 23. Rac1 Rb6 24. h3 Bf5 25. Re3 Ra6 26. Rc2 h6 27. Be5 Kh7 28. Bg3 Rb6 29. Rc5 Rb4 30. Be5 Bd7 31. Ra5 Rb7 32. Rc3 Re7 33. Rac5 Re8 34. Ra5 1/2-1/2

[Event "Las Palmas Insular-chT Primera-B"]
[Site "Las Palmas"]
[Date "2011.12.17"]
[Round "4.1"]
[White "Aguila Hernandez, Eduardo"]
[Black "Gonzalez Rodriguez, Jose Francisco"]
[Result "1/2-1/2"]
[WhiteElo "1840"]
[BlackElo "1940"]
[PlyCount "63"]
[EventDate "2011.11.12"]
[EventType "team-tourn"]
[EventRounds "14"]
[EventCountry "ESP"]
[SourceTitle "EXT 2013"]
[Source "ChessBase"]
[SourceDate "2012.11.22"]
[SourceVersion "1"]
[SourceVersionDate "2012.11.22"]
[SourceQuality "1"]
[WhiteTeam "Canarias de Vecindario II"]
[BlackTeam "Piscolabis Oleaje San Andres"]
[WhiteTeamCountry "ESP"]
[BlackTeamCountry "ESP"]

1. e4 c5 2. Nf3 d6 3. d4 cxd4 4. Nxd4 Nf6 5. Nc3 a6 6. Be2 e6 7. Be3 Qc7 8. 0-0 b5 9. a3 Bb7 10. Qd3 Nbd7 11. f3 Ne5 12. Qd2 Nc4 13. Bxc4 Qxc4 14. Nde2 Be7 15. Bf4 Rd8 16. Qd3 d5 17. exd5 Bc5+ 18. Kh1 Qxd3 19. cxd3 Nxd5 20. Nxd5 Rxd5 21. Rac1 Bb6 22. Rfd1 0-0 23. Nc3 Rd7 24. Ne4 Rfd8 25. h3 h6 26. Nc5 Bxc5 27. Rxc5 Rxd3 28. Rxd3 Rxd3 29. Rc7 Bd5 30. Ra7 Rd1+ 31. Kh2 Bc4 32. Rxa6 1/2-1/2

[Event "Las Palmas Insular-chT Primera-B"]
[Site "Las Palmas"]
[Date "2011.12.10"]
[Round "3.1"]
[White "Aguila Hernandez, Eduardo"]
[Black "Pujales Llanos, Jose Manuel"]
[Result "1-0"]
[WhiteElo "1840"]
[BlackElo "1899"]
[PlyCount "61"]
[EventDate "2011.11.12"]
[EventType "team-tourn"]
[EventRounds "14"]
[EventCountry "ESP"]
[SourceTitle "EXT 2013"]
[Source "ChessBase"]
[SourceDate "2012.11.22"]
[SourceVersion "1"]
[SourceVersionDate "2012.11.22"]
[SourceQuality "1"]
[WhiteTeam "Canarias de Vecindario II"]
[BlackTeam "Canarias de Las Palmas"]
[WhiteTeamCountry "ESP"]
[BlackTeamCountry "ESP"]

1. e4 c5 2. Nf3 e6 3. d4 cxd4 4. Nxd4 Nf6 5. Bd3 Nc6 6. Nxc6 bxc6 7. c4 d5 8. e5 Nd7 9. Qe2 Qc7 10. Bf4 Bb4+ 11. Nd2 Rb8 12. Rd1 a5 13. 0-0 Bxd2 14. Rxd2 d4 15. Qg4 g6 16. Re1 h5 17. Qh4 c5 18. Bg5 Rb6 19. Be7 Nxe5 20. Bxc5 Nf3+ 21. gxf3 Qxc5 22. Qf6 Rf8 23. Bc2 Rd6 24. Re4 Bd7 25. Rexd4 Rxd4 26. Rxd4 a4 27. Bxa4 Qxd4 28. Qxd4 Bxa4 29. c5 Bd7 30. Qd6 Bc8 31. Qc7 1-0

[Event "Cerrado Fiestas de Sant"]
[Site "Cerrado"]
[Date "2011.08.13"]
[Round "3"]
[White "Aguila Hernandez, Eduardo"]
[Black "Peinado Santana, Victor"]
[Result "1-0"]
[WhiteElo "1772"]
[BlackElo "1725"]
[PlyCount "63"]
[EventDate "2011.08.12"]
[EventType "tourn"]
[EventRounds "6"]
[EventCountry "ESP"]
[SourceTitle "EXT 2024"]
[Source "ChessBase"]
[SourceDate "2023.10.10"]
[SourceVersion "1"]
[SourceVersionDate "2023.10.10"]
[SourceQuality "1"]

1. e4 Nf6 2. e5 Nd5 3. c4 Nb6 4. d4 d6 5. Nf3 Bg4 6. exd6 exd6 7. Be2 Be7 8. 0-0 0-0 9. Nc3 Nc6 10. b3 d5 11. c5 Nc8 12. Bf4 a6 13. h3 Bh5 14. g4 Bg6 15. Ne5 Nxe5 16. Bxe5 c6 17. Bd3 Bxd3 18. Qxd3 Bg5 19. Rfe1 Ne7 20. Na4 Nc8 21. Re2 Bf6 22. Bg3 g6 23. Rae1 b5 24. cxb6 Nxb6 25. Nc5 Qc8 26. Bd6 Rd8 27. Be7 Bxe7 28. Rxe7 a5 29. Qf3 Rf8 30. Qf4 Qd8 31. Qf6 Nc8 32. Ne6 1-0

[Event "Cerrado Fiestas de Sant"]
[Site "Cerrado"]
[Date "2011.08.13"]
[Round "4"]
[White "Ramirez Medina, Victor"]
[Black "Aguila Hernandez, Eduardo"]
[Result "0-1"]
[WhiteElo "1808"]
[BlackElo "1772"]
[PlyCount "68"]
[EventDate "2011.08.12"]
[EventType "tourn"]
[EventRounds "6"]
[EventCountry "ESP"]
[SourceTitle "EXT 2024"]
[Source "ChessBase"]
[SourceDate "2023.10.10"]
[SourceVersion "1"]
[SourceVersionDate "2023.10.10"]
[SourceQuality "1"]

1. e4 e5 2. Nf3 Nc6 3. Bb5 a6 4. Ba4 Nf6 5. 0-0 Be7 6. Re1 b5 7. Bb3 0-0 8. c3 d5 9. exd5 Nxd5 10. Nxe5 Nxe5 11. Rxe5 c6 12. d4 Bd6 13. Re1 Qh4 14. g3 Qh3 15. Re4 h6 16. Nd2 Bd7 17. Qf1 Qh5 18. Bd1 Qg6 19. Qg2 f5 20. Re1 Rae8 21. Be2 f4 22. Nf3 fxg3 23. hxg3 Qc2 24. Bd2 Rxe2 25. Rxe2 Bg4 26. Ree1 Bxf3 27. Qh3 Qxd2 28. Qe6+ Kh7 29. Qxd6 Rf6 30. Re6 Rf5 31. Re5 Qg5 32. Kf1 Qh5 33. Ke1 Qh1+ 34. Kd2 Qxa1 0-1

[Event "Gran Canaria CupT"]
[Site "Gran Canaria"]
[Date "2011.06.02"]
[Round "2.3"]
[White "Perez Castellano, Susana"]
[Black "Aguila Hernandez, Eduardo"]
[Result "1-0"]
[WhiteElo "1807"]
[BlackElo "1701"]
[PlyCount "181"]
[EventDate "2011.06.02"]
[EventType "team-tourn"]
[EventRounds "7"]
[EventCountry "ESP"]
[SourceTitle "CBM 142 Extra"]
[Source "ChessBase"]
[SourceDate "2011.06.27"]
[SourceVersion "1"]
[SourceVersionDate "2011.06.27"]
[SourceQuality "1"]
[WhiteTeam "Anand Iberia"]
[BlackTeam "Vecindario CajaCanarias"]
[WhiteTeamCountry "ESP"]
[BlackTeamCountry "ESP"]

1. e4 e5 2. Nf3 Nc6 3. Bc4 Bc5 4. c3 Nf6 5. d3 d6 6. Bb3 0-0 7. 0-0 h6 8. Nbd2 Ne7 9. Re1 Ng6 10. Nf1 Bg4 11. h3 Bd7 12. Ng3 Re8 13. d4 Bb6 14. a4 a5 15. Qd3 c6 16. Bd2 Qc7 17. Rad1 Rad8 18. Bc1 Bc8 19. Qc2 d5 20. Kh1 exd4 21. cxd4 dxe4 22. Nxe4 Nxe4 23. Rxe4 Rxe4 24. Qxe4 Kh8 25. Bc2 Qe7 26. Ne5 Qf6 27. Be3 Be6 28. Re1 Bc8 29. Nxf7+ Qxf7 30. Qxg6 Qxg6 31. Bxg6 Rd6 32. Bc2 Rf6 33. Bf4 Bf5 34. Re8+ Kh7 35. Bxf5+ Rxf5 36. Be3 Rd5 37. Re4 Kg6 38. Kg1 Rd6 39. Kf1 Kh7 40. Ke2 Rd7 41. f4 Rd6 42. g4 Kg6 43. f5+ Kf7 44. Kf3 Bd8 45. Bf4 Rd5 46. Ke3 Bf6 47. Be5 Bg5+ 48. Kd3 Bd8 49. Bf4 Bb6 50. Be3 Bd8 51. Re5 Rd7 52. Kc4 Bf6 53. Re6 Rd5 54. Bf2 g5 55. Re4 Be7 56. Bg3 Bf6 57. Be5 Be7 58. Bc7 Bf6 59. Bb6 Be7 60. Re6 Bf6 61. Bc5 Rd7 62. Bd6 Rd8 63. Be5 Bxe5 64. Rxe5 Ra8 65. Kc5 Rd8 66. Re6 Rh8 67. Kb6 Rd8 68. Kxa5 Rxd4 69. Rxh6 Rd3 70. b4 Kg7 71. Rg6+ Kf7 72. Rxg5 Rxh3 73. Rg6 Rd3 74. Kb6 Rd4 75. Kc5 Re4 76. a5 Rf4 77. b5 cxb5 78. Kxb5 Rf1 79. Rb6 Rb1+ 80. Kc5 Rc1+ 81. Kd6 Rd1+ 82. Ke5 Re1+ 83. Kf4 Re7 84. g5 Rc7 85. g6+ Kg8 86. Kg5 Rc5 87. Rxb7 Rxa5 88. g7 Ra6 89. f6 Kh7 90. Rb8 Ra8 91. g8Q# 1-0

[Event "Las Palmas Montalvo Memorial 4th"]
[Site "Las Palmas"]
[Date "2011.04.24"]
[Round "9"]
[White "Aguila Hernandez, Eduardo"]
[Black "Rossello Padron, Carlos Eduardo"]
[Result "1/2-1/2"]
[WhiteElo "1697"]
[BlackElo "2085"]
[PlyCount "134"]
[EventDate "2011.04.18"]
[EventType "swiss"]
[EventRounds "9"]
[EventCountry "ESP"]
[SourceTitle "CBM 141 Extra"]
[Source "ChessBase"]
[SourceDate "2011.05.03"]
[SourceVersion "1"]
[SourceVersionDate "2011.05.03"]
[SourceQuality "1"]

1. e4 Nf6 2. e5 Nd5 3. Nc3 Nxc3 4. bxc3 d6 5. exd6 exd6 6. Nf3 Qe7+ 7. Be2 g6 8. 0-0 Bg7 9. Bb5+ c6 10. Re1 Be6 11. Ba4 0-0 12. d4 d5 13. Ng5 a5 14. a3 h6 15. Nxe6 fxe6 16. Qg4 Rf6 17. Bf4 Qf7 18. Be5 Rxf2 19. Qg3 Bxe5 20. Qxf2 Bxh2+ 21. Kf1 Nd7 22. Qxf7+ Kxf7 23. Kf2 Bd6 24. Re2 e5 25. dxe5 Nxe5 26. Rb1 Rb8 27. Bb3 Ng4+ 28. Kf3 h5 29. c4 Ne5+ 30. Rxe5 Bxe5 31. cxd5 Kf6 32. dxc6 bxc6 33. a4 Rb4 34. Re1 g5 35. Re4 Rb6 36. Rc4 Bd6 37. Ke3 Kf5 38. Rc3 Bb4 39. Rc4 c5 40. Kf3 Rd6 41. g4+ hxg4+ 42. Rxg4 Rd1 43. Rg2 Rd4 44. Bf7 Bc3 45. Be8 Bd2 46. Bb5 Bf4 47. Rg4 Rd2 48. Rg2 Rd1 49. Rg4 Rd4 50. Rg2 c4 51. Rg4 c3 52. Rg2 Bd2 53. Ke2 Ke5 54. Rg3 Kd5 55. Rd3 Rxd3 56. Kxd3 g4 57. Bc4+ Kc5 58. Bb3 g3 59. Ke2 Kd4 60. Kf3 Bf4 61. Be6 Bd6 62. Bg8 Bc7 63. Bf7 Ke5 64. Bg8 Kf5 65. Bf7 Kg5 66. Bg8 Kf5 67. Bf7 Be5 1/2-1/2

[Event "Las Palmas Montalvo Memorial 4th"]
[Site "Las Palmas"]
[Date "2011.04.21"]
[Round "5"]
[White "Aguila Hernandez, Eduardo"]
[Black "Molina Rodriguez, Borja"]
[Result "0-1"]
[WhiteElo "1697"]
[BlackElo "2079"]
[PlyCount "76"]
[EventDate "2011.04.18"]
[EventType "swiss"]
[EventRounds "9"]
[EventCountry "ESP"]
[SourceTitle "CBM 141 Extra"]
[Source "ChessBase"]
[SourceDate "2011.05.03"]
[SourceVersion "1"]
[SourceVersionDate "2011.05.03"]
[SourceQuality "1"]

1. e4 c5 2. Nf3 Nc6 3. d4 cxd4 4. Nxd4 Nf6 5. Nc3 e5 6. Ndb5 d6 7. Bg5 a6 8. Na3 b5 9. Bxf6 gxf6 10. Nd5 Bg7 11. Be2 0-0 12. c3 f5 13. Bf3 fxe4 14. Bxe4 f5 15. Nf6+ Qxf6 16. Bxc6 Rb8 17. Qb3+ Kh8 18. 0-0-0 Be6 19. Bd5 Bd7 20. Kb1 a5 21. Nc2 b4 22. cxb4 e4 23. a3 Ba4 24. Qa2 Bxc2+ 25. Kxc2 axb4 26. a4 b3+ 27. Bxb3 Rb4 28. Rd5 Rfb8 29. Rb5 R4xb5 30. axb5 Qd4 31. Rd1 Qxf2+ 32. Rd2 Rc8+ 33. Bc4 Qc5 34. Kb1 Qxc4 35. Qxc4 Rxc4 36. Rxd6 Kg8 37. Ka2 e3 38. Kb3 e2 0-1

[Event "Gran Canaria-ch U16"]
[Site "Famara"]
[Date "2011.04.08"]
[Round "6.4"]
[White "Reyes Sanchez, Francisco Javier"]
[Black "Aguila Hernandez, Eduardo"]
[Result "0-1"]
[WhiteElo "1633"]
[BlackElo "1697"]
[PlyCount "31"]
[EventDate "2011.03.25"]
[EventType "swiss"]
[EventRounds "6"]
[EventCountry "ESP"]
[SourceTitle "EXT 2024"]
[Source "ChessBase"]
[SourceDate "2023.10.10"]
[SourceVersion "1"]
[SourceVersionDate "2023.10.10"]
[SourceQuality "1"]

1. b3 d5 2. Bb2 Nf6 3. e3 Bf5 4. Bxf6 exf6 5. d4 Bb4+ 6. Nd2 0-0 7. Ngf3 Bc3 8. Rb1 Nc6 9. Be2 Nb4 10. Rc1 Bb2 11. c3 Nxa2 12. Rc2 Nxc3 13. Rxc3 Bxc3 14. 0-0 Bxd2 15. Qxd2 a5 16. Rb1 0-1

[Event "Gran Canaria-ch U16"]
[Site "Famara"]
[Date "2011.04.01"]
[Round "4.1"]
[White "Marrero Cardenes, Agustin"]
[Black "Aguila Hernandez, Eduardo"]
[Result "1/2-1/2"]
[WhiteElo "1820"]
[BlackElo "1697"]
[PlyCount "76"]
[EventDate "2011.03.25"]
[EventType "swiss"]
[EventRounds "6"]
[EventCountry "ESP"]
[SourceTitle "EXT 2024"]
[Source "ChessBase"]
[SourceDate "2023.10.10"]
[SourceVersion "1"]
[SourceVersionDate "2023.10.10"]
[SourceQuality "1"]

1. d4 d5 2. Nf3 Nf6 3. e3 Bg4 4. Bd3 e6 5. Nbd2 c5 6. b3 Bd6 7. Bb2 0-0 8. h3 Bh5 9. c4 Nc6 10. a3 Re8 11. Qc2 cxd4 12. exd4 e5 13. dxe5 Nxe5 14. Nxe5 Bxe5 15. 0-0 Bg6 16. Bxg6 hxg6 17. Bxe5 Rxe5 18. Nf3 Re4 19. Rfd1 Rc8 20. Rac1 Qe7 21. Qd3 Qxa3 22. Ra1 dxc4 23. Rxa3 cxd3 24. Rxa7 Rb4 25. Rxd3 Rc1+ 26. Kh2 Kf8 27. Ne5 Ke7 28. Re3 Re4 29. Rxb7+ Ke6 30. Nxf7 Rxe3 31. fxe3 Rc3 32. b4 Rxe3 33. Nd8+ Kf5 34. Rxg7 Rb3 35. Rb7 Nd5 36. Nc6 Rb2 37. b5 Nf4 38. Rf7+ Ke4 1/2-1/2